<?xml version="1.0" encoding="UTF-8"?><?xml-stylesheet type="text/xsl" href="static/style.xsl"?><OAI-PMH xmlns="http://www.openarchives.org/OAI/2.0/" xmlns:xsi="http://www.w3.org/2001/XMLSchema-instance" xsi:schemaLocation="http://www.openarchives.org/OAI/2.0/ http://www.openarchives.org/OAI/2.0/OAI-PMH.xsd"><responseDate>2026-04-29T04:08:44Z</responseDate><request verb="GetRecord" identifier="oai:repisalud.isciii.es:20.500.12105/9230" metadataPrefix="marc">https://repisalud.isciii.es/rest/oai/request</request><GetRecord><record><header><identifier>oai:repisalud.isciii.es:20.500.12105/9230</identifier><datestamp>2025-04-01T10:26:35Z</datestamp><setSpec>com_20.500.12105_2052</setSpec><setSpec>com_20.500.12105_2051</setSpec><setSpec>col_20.500.12105_19612</setSpec></header><metadata><record xmlns="http://www.loc.gov/MARC21/slim" xmlns:dcterms="http://purl.org/dc/terms/" xmlns:doc="http://www.lyncode.com/xoai" xmlns:xsi="http://www.w3.org/2001/XMLSchema-instance" xsi:schemaLocation="http://www.loc.gov/MARC21/slim http://www.loc.gov/standards/marcxml/schema/MARC21slim.xsd">
   <leader>00925njm 22002777a 4500</leader>
   <datafield ind2=" " ind1=" " tag="042">
      <subfield code="a">dc</subfield>
   </datafield>
   <datafield ind2=" " ind1=" " tag="720">
      <subfield code="a">Sarria-Santamera, Antonio</subfield>
      <subfield code="e">author</subfield>
   </datafield>
   <datafield ind2=" " ind1=" " tag="720">
      <subfield code="a">Cortes-Blanco, M</subfield>
      <subfield code="e">author</subfield>
   </datafield>
   <datafield ind2=" " ind1=" " tag="720">
      <subfield code="a">Elder, John</subfield>
      <subfield code="e">author</subfield>
   </datafield>
   <datafield ind2=" " ind1=" " tag="260">
      <subfield code="c">2001-03</subfield>
   </datafield>
   <datafield ind2=" " ind1=" " tag="520">
      <subfield code="a">The majority of tobacco advertisement in Spain is directed at youth. This advertisement, carried out on several fronts, is particularly effective with young people. In the present work we analyze different advertising efforts involved in the ad campaign carried out by Fortuna-brand (a product of the company Tabacalera S.A., and sector leader of sales in Spain) in 1999 and 2000. In terms of their marketing strategy, we can conclude that Fortuna's principal commercial objective is presenting tobacco as intrinsically associated with being young. Both the indirect promotion of its products through activities and its commercials, are aimed towards developing the image that tobacco symbolizes the series of core values more appreciated by youth. Relevant legislation will have to be adapted to this reality in order to control specifically the manner in which publicity such as that promoted by Fortuna is directed to the population.     La mayor parte de la publicidad que sobre tabaco se emiteactualmente en España va dirigida a la población joven. Estapublicidad resulta particularmente atractiva para este colectivo,al que se trata de llegar desde frentes muy diversos. En el pre-sente trabajo se analizan las distintas actividades incluidas en lacampaña  publicitaria  realizada  porFortuna(perteneciente  aTabacalera, SAy líder de ventas del sector en España) durantelos años 1999 y 2000. El análisis de dicha publicidad permiteconcluir  que  la  estrategia  deFortunaes  presentar  el  tabacocomo intrínsecamente unido con una serie de valores positivosatractivos a la juventud. Tanto la promoción indirecta de losproductos deFortunacomo los anuncios de la marca intentancrear  la  imagen  de  que  el  tabaco  simboliza  los  valores  másapreciados por los jóvenes. La legislación al respecto deberíaadaptarse a esta realidad, a fin de controlar de manera más pre-cisa los mensajes publicitarios que, como los deFortuna,se di-rigen a la población.</subfield>
   </datafield>
   <datafield ind1="8" ind2=" " tag="024">
      <subfield code="a">Rev Esp Salud Publica. 2001 Mar-Apr;75(2):107-13.</subfield>
   </datafield>
   <datafield ind1="8" ind2=" " tag="024">
      <subfield code="a">1135-5727</subfield>
   </datafield>
   <datafield ind1="8" ind2=" " tag="024">
      <subfield code="a">http://hdl.handle.net/20.500.12105/9230</subfield>
   </datafield>
   <datafield ind1="8" ind2=" " tag="024">
      <subfield code="a">11400421</subfield>
   </datafield>
   <datafield ind1="8" ind2=" " tag="024">
      <subfield code="a">Revista española de salud publica</subfield>
   </datafield>
   <datafield ind2="0" ind1="0" tag="245">
      <subfield code="a">Análisis de la campaña publicitaria de la marca de tabaco Fortuna durante el bienio 1999-2000</subfield>
   </datafield>
</record></metadata></record></GetRecord></OAI-PMH>